مكتبة جامعة عجلون الوطنية

فهرس بحث المكتبة

Normal view MARC view
  • اعداد العساف، مصطفى عبد الرحمن مازن

Entry Personal Name

Number of records used in: 1

001 - CONTROL NUMBER

  • control field: 20029

003 - CONTROL NUMBER IDENTIFIER

  • control field: JO-AjAnu

005 - DATE AND TIME OF LATEST TRANSACTION

  • control field: 20230606073506.0

008 - FIXED-LENGTH DATA ELEMENTS

  • fixed length control field: 230606|| aca||aabn | a|a d

040 ## - CATALOGING SOURCE

  • Original cataloging agency: JO-AjAnu
  • Transcribing agency: JO-AjAnu

100 ## - HEADING--PERSONAL NAME

  • Personal name: اعداد العساف، مصطفى عبد الرحمن مازن

670 ## - SOURCE DATA FOUND

  • Source citation: Work cat.: (JO-AjAnu)10285: اعداد العساف، مصطفى عبد الرحمن مازن, author, االفكر السياسي في سورية في ظل الانتداب الفرنسي 1920-1946